Loading...
Philosophy | 0 | 3 | 0 | 1 | 30 | 97 | 110.33 | 0 | 0 |
Mythology | 0 | 3 | 0 | 2 | 30 | 64 | 97.00 | 0 | 0 |
Social Science | 0 | 2 | 0 | 0 | 20 | 31 | 60.00 | 1 | 1 |
History - European History | 0 | 2 | 0 | 1 | 20 | 64 | 95.00 | 1 | 1 |
Science - Other Science | 0 | 2 | 0 | 1 | 20 | 79 | 95.00 | 0 | 1 |
Fine Arts - Other Fine Arts | 0 | 2 | 0 | 1 | 20 | 89 | 97.50 | 0 | 0 |
Religion | 0 | 2 | 1 | 0 | 15 | 87 | 87.00 | 0 | 2 |
History - Other History | 0 | 1 | 0 | 0 | 10 | 52 | 52.00 | 0 | 0 |
Fine Arts - Visual Fine Arts | 0 | 1 | 0 | 1 | 10 | 128 | 128.00 | 0 | 0 |
Pop Culture | 0 | 1 | 0 | 1 | 10 | 127 | 127.00 | 0 | 0 |
Science - Biology | 0 | 1 | 0 | 1 | 10 | 128 | 128.00 | 0 | 0 |
Science - Physics | 0 | 1 | 0 | 0 | 10 | 95 | 95.00 | 0 | 1 |
History - World History | 0 | 1 | 0 | 1 | 10 | 119 | 119.00 | 0 | 0 |
Literature - American Literature | 0 | 1 | 0 | 1 | 10 | 150 | 150.00 | 0 | 0 |
Literature - World/Other Literature | 0 | 0 | 0 | 0 | 0 | 0.00 | 0 | 0 |